000
00343nam a2200145Ia 4500
005
20250508034024.0
008
240331s9999 xx 000 0 und d
082
_b
BAL
_a
894
100
_a
Baleswari,N
245
0
_a
Enge neyo nanum ange unodil
260
_a
Chennai
_b
Alamu Achagam
_c
1993
300
_a
252 p .,
650
_a
Novel
942
_c
L
999
_c
4705
_d
4705